000
00244nam a2200097Ia 4500
008
230915s9999 xx 000 0 und d
050
_a
TS 155 .H 3727 2011
100
_a
HEIZER,JAY
245
0
_a
PRINCIPLES OF OPERATIONS MANAGEMENT
942
_c
BK
999
_c
205708
_d
205708